Introductory insect physiology.

Bibliographic Details
Main Author: Patton, Robert Lee, 1913-
Format: Book
Language:English
Published: Philadelphia : Saunders, 1963.
Subjects:

MARC

Tag First Indicator Second Indicator Subfields
LEADER 00000cam a22000001 4500
001 in00000047960
005 20151007075627.0
008 711228s1963 paua b 00000 eng
010 |a  63018814  
035 |a (OCoLC)00710953 
035 |9 AAF3554AM 
040 |a DLC  |c DLC  |d TXA  |d UtOrBLW 
049 |a TXAM  |c [364753] 
050 0 0 |a QL495  |b .P28 
082 0 |a 595.7 
092 |a 595.7  |b P322i, 1963 
100 1 |a Patton, Robert Lee,  |d 1913- 
245 1 0 |a Introductory insect physiology. 
264 1 |a Philadelphia :  |b Saunders,  |c 1963. 
300 |a vi, 245 pages :  |b illustrations, diagrams ;  |c 24 cm. 
336 |a text  |b txt  |2 rdacontent 
337 |a unmediated  |b n  |2 rdamedia 
338 |a volume  |b nc  |2 rdacarrier 
504 |a Includes bibliographies. 
650 0 |a Insects  |x Physiology. 
999 |a MARS 
999 f f |s 92d7f975-f4f9-32b9-8ef1-ab330361c37a  |i 2c54852c-b0e9-36fe-b887-47b942e6fcec  |t 0